PRZEDMIOTY, KTÓRYCH UŻYWAMY TYLKO RAZ: - Statystyki

Ogólne statystyki
  • Ten quiz został rozwiązany 101 razy
  • Średni wynik to 2 z 6
Statystyki odpowiedzi
Hint Odpowiedź % Poprawnych
2. PAPIER TOALETOWY
83%
4. PODPASKA
45%
1. CHUSTECZKA HIGIENICZNA
18%
3. RĘCZNIK PAPIEROWY
18%
5. PIELUCHA
14%
6. MASECZKA JEDNORAZOWA
4%
Nie znaleziono quizów pasujących do podanych kryteriów
Rozkład punktacji
Procent ludzi z każdym wynikiem
Percentyl według liczby udzielonych odpowiedzi
Twoja historia wyników
Nie rozwiązałeś tego quizu